| 000 | 00412nam a2200169Ia 4500 | ||
|---|---|---|---|
| 008 | 131103s9999 xx 000 0 und d | ||
| 040 | _aLoreto College | ||
| 041 | _aEnglish | ||
| 082 |
_aREF _b3 LCBED/4055 |
||
| 245 | _aDiscoveries | ||
| 260 |
_aLondon _bGinn _c1970 |
||
| 300 |
_a16p. _b ill. _c 19cm. |
||
| 440 | _aFirst interest a long time; No.9 | ||
| 650 | _aREF3 | ||
| 850 | _aLCBED/REF3 | ||
| 942 | _cBK | ||
| 999 |
_c33550 _d84029 |
||